[Event "IND-ch (Women) 48th"]
[Site "Hatkanangale"]
[Date "2022.12.31"]
[Round "6"]
[White "Ritu, Parvathy"]
[Black "Charvi, A."]
[Result "0-1"]
[WhiteElo "1225"]
[BlackElo "1331"]
[PlyCount "80"]
[EventDate "2022.12.26"]
[EventType "swiss"]
[EventRounds "11"]
[EventCountry "IND"]
[SourceTitle "CBM 212 Extra"]
[Source "ChessBase"]
[SourceDate "2023.03.31"]
[SourceVersion "1"]
[SourceVersionDate "2023.03.31"]
[SourceQuality "1"]

1. e4 c5 2. Nf3 d6 3. Bb5+ Bd7 4. Bxd7+ Qxd7 5. c4 Nf6 6. Nc3 e6 7. d4 cxd4 8. Nxd4 Be7 9. 0-0 0-0 10. Be3 Nc6 11. f3 Rfd8 12. b3 Rac8 13. Rc1 Ne8 14. Qd3 Ne5 15. Qd2 a6 16. Rfd1 Nf6 17. Na4 Qc7 18. Ne2 Nfd7 19. Nf4 Nc5 20. Nb2 Qb8 21. Nfd3 Nexd3 22. Nxd3 Nxd3 23. Qxd3 h6 24. Qe2 Rc6 25. a4 Rdc8 26. b4 Qc7 27. Qb2 Bf6 28. Qa3 Rxc4 29. Rxc4 Qxc4 30. Rc1 Bc3 31. Kf2 d5 32. Bc5 Bxb4 33. Rxc4 Bxa3 34. Bxa3 Rxc4 35. exd5 exd5 36. Bd6 Rxa4 37. Ke3 b5 38. Kd3 f6 39. g4 Kf7 40. h4 g6 0-1